Flags of the States of Mexico - Statistics

General Stats
  • This quiz has been taken 610 times
  • The average score is 14 of 32
Answer Stats
Picture Answer % Correct
Yucatán
74%
Sinaloa
62%
Sonora
62%
Nuevo León
55%
Oaxaca
55%
Jalisco
54%
Baja California Sur
52%
San Luis Potosí
49%
Morelos
48%
Tlaxcala
48%
Coahuila
47%
Baja California
45%
México
45%
Chihuahua
44%
Aguascalientes
42%
Puebla
42%
Veracruz
42%
Chiapas
40%
Durango
40%
Quintana Roo
40%
Colima
38%
Hidalgo
38%
Guerrero
37%
Michoacán
35%
Campeche
32%
Querétaro
32%
Tabasco
32%
Tamaulipas
32%
Guanajuato
27%
Nayarit
25%
Zacatecas
25%
Federal District
20%
No matching quizzes found
Score Distribution
Percent of People with Each Score
Percentile by Number Answered
Your Score History
You have not taken this quiz